| 000 | 00739cam a22002533a 4500 | ||
|---|---|---|---|
| 001 | 32560 | ||
| 003 | PGUSA | ||
| 005 | 20140828083714.0 | ||
| 008 | 100527s2010||||xxu|||||s|||||000 1 eng d | ||
| 040 |
_aPGUSA _beng |
||
| 042 | _adc | ||
| 050 | 4 | _aPR | |
| 100 | 1 |
_aLever, Charles James, _d1806-1872 |
|
| 245 | 1 | 0 |
_aGerald Fitzgerald, the Chevalier : _bA Novel _h[electronic resource] / _cCharles James Lever |
| 260 |
_bProject Gutenberg, _c2010 |
||
| 506 | _aPublic domain in the USA. | ||
| 516 | _aElectronic text | ||
| 653 | _aAdventure stories | ||
| 653 | _aFiction | ||
| 700 | 1 |
_aMcCormick, A. D. _q(Arthur David), _d1860- |
|
| 830 | 0 |
_aProject Gutenberg _v32560 |
|
| 856 | 4 | 0 | _uhttp://www.gutenberg.org/ebooks/32560 |
| 942 | _cEB | ||
| 999 |
_c261815 _d261815 |
||